| 000 | 00475nam a22001817a 4500 | ||
|---|---|---|---|
| 003 | NUST - PNEC | ||
| 005 | 20170116180911.0 | ||
| 008 | 150902b xxu||||| |||| 00| 0 eng d | ||
| 020 | _a- | ||
| 040 | _cLIBRARY | ||
| 082 | _a620.106 DAU | ||
| 100 |
_96481 _aDaugherty, Robert L. |
||
| 245 |
_aFluid mechanics, with engineering applications _cRobert L. Daugherty |
||
| 250 | _aSixth Edition | ||
| 260 | _cc.1965 | ||
| 650 |
_96482 _aFluid mechanics _xME |
||
| 942 |
_2ddc _cBK |
||
| 999 |
_c65251 _d65251 |
||